Statistiques concernant Culture Générale - Série 1372

Cliquez ici pour prendre le quiz!

Statistiques générales

  • Ce quiz a été pris 51 fois
  • Le résultat moyen est 8 sur 10

Statistiques - réponses

Question Réponse % Correct
Quelle huile minérale est appelée communément "l'or noir" ?pétrole
94%
Chaque année depuis le XVIe siècle, quelle ville du nord de la France attire les foules pour sa traditionnelle braderie ?Lille
94%
Quel métal associe-t-on au cinquantième anniversaire de mariage ?or
89%
Dans quel pays se situe l'État du Yucatán ?Mexique
89%
D'après l'expression, quel adjectif qualifie le linge qu'il vaut mieux laver en famille ?sale
85%
Quel archipel de l'Atlantique Nord, ayant pour chef-lieu Hamilton, a donné son nom à un short descendant jusqu'au dessus du genou ?Bermudes
81%
Quel mot, issu du grec "poson" signifiant "combien", désigne l'indication de la dose à observer dans la prescription d'un médicament ?posologie
74%
Comme son nom l'indique, quel genre littéraire consiste pour un auteur à raconter sa vie ?autobiographie
72%
Lors de quelle bataille le général Cambronne aurait-il dit : “La garde meurt et ne se rend pas” ?Waterloo
51%
Quel chimiste et biologiste du XIXe siècle découvrit le staphylocoque et le streptocoque ?Louis Pasteur
43%

Distribution des résultats

Percentile par nombre de réponses

% des personnes avec chaque résultat

Votre développement - résultats

Vous n’avez pas pris ce quiz